[Event "BI-2012-P-00036"]
[Site "LSS email"]
[Date "2012.04.20"]
[Round "?"]
[White "Fineboim, Igor"]
[Black "Selmeczi, Jozsef"]
[Result "1/2-1/2"]
[WhiteElo "2041"]
[BlackElo "1704"]
[PlyCount "49"]
[EventDate "2012.04.22"]
[EventType "tourn (corr)"]
[EventRounds "10"]
[EventCountry "GER"]
[SourceTitle "Telechess CBM 165"]
[Source "ChessBase"]
[SourceDate "2015.03.11"]
[SourceVersion "1"]
[SourceVersionDate "2015.03.11"]
[SourceQuality "1"]

1. e4 e6 2. d4 d5 3. e5 Ne7 4. Nf3 c5 5. c3 Nbc6 6. Bd3 cxd4 7. cxd4 Nf5 8. Bxf5 exf5 9. Nc3 Be7 10. 0-0 g5 11. Ne1 Be6 12. f4 g4 13. Be3 h5 14. Nd3 h4 15. b4 Kf8 16. a3 h3 17. g3 Kg7 18. Rf2 b6 19. Rc1 Qd7 20. Qb3 Rac8 21. Rfc2 a6 22. a4 Qb7 23. Bf2 Rhd8 24. Kf1 Kg6 25. Nd1 1/2-1/2